000
00201 a2200097 4500
001
11109
100
_a
M. Noman
245
_a
Our Struggle
260
_a
_b
Pakistan Publication
_c
090
_c
8664
_d
8664
942
_a
NUST-CAE
_c
M
_c
35449
999
_c
246182
_d
246182